| 000 | 00563nam a22001697a 4500 | ||
|---|---|---|---|
| 003 | OSt | ||
| 005 | 20240703122638.0 | ||
| 008 | 240703b |||||||| |||| 00| 0 eng d | ||
| 040 |
_aDDC _cMUST |
||
| 100 |
_aEdited by Francis Adams... (et al) _918410 |
||
| 245 |
_aGlobalization and The Dilemmas of the State in the State in the South/ _cMiranda Mario J. and Fackler Paul L. |
||
| 260 |
_aUSA: _bSt. Martin's Press; _c1998. |
||
| 300 |
_axvii,387p.: _c22.4cm. |
||
| 504 | _aIncludes Bibliographical Indexes | ||
| 650 |
_aEconomic Policy _97613 |
||
| 942 |
_2ddc _cO_SHELF |
||
| 999 |
_c9049 _d9049 |
||